|
|
|
|
| LEADER |
00000ny a22000003n 4500 |
| 005 |
20110615122243.0 |
| 008 |
060925s2006 sp 000 0 spa d |
| 017 |
|
|
|a D.L.M30585-06
|
| 020 |
|
|
|a 9788480047418
|
| 035 |
|
|
|a 2719
|
| 040 |
|
|
|a SpMaUCDE
|d vLex
|
| 080 |
|
|
|a 349.2:331.109.6(460)
|
| 090 |
|
|
|c 702
|d 702
|
| 245 |
0 |
0 |
|a Sistemas de solucin̤ extrajurisdiccional de conflictos
|h [Recurso electrn̤ico]
|c Rafael Hinojosa Segovia, (coordinador)
|
| 256 |
|
|
|a Servicio en ln̕ea
|
| 260 |
|
|
|a Madrid :
|b Editorial Universitaria Ramn̤ Areces,
|c D.L. 2006
|
| 300 |
|
|
|a 212 p. ;
|c 24 cm.
|
| 506 |
1 |
|
|a Contenido solo disponible en los productos indicados
|d vLex Global
|d vLex Global (Academic Edition, excluding Law Schools)
|d vLex Global (U.S. Academic Edition, Law Schools)
|d vLex Global (U.S. Academic Edition, excluding Law Schools)
|d vLex Global (Academic Edition, Law Schools)
|
| 650 |
0 |
7 |
|a Medios alternativos de solucin̤ de conflictos
|2 Tesauro vLex
|
| 650 |
0 |
7 |
|a Medios de solucin̤ no jurisdiccionales
|2 Tesauro vLex
|
| 650 |
0 |
7 |
|a Transacciones extrajudiciales
|2 Tesauro vLex
|
| 700 |
1 |
|
|a Hinojosa Segovia, Rafael,
|e coord.
|
| 740 |
0 |
|
|a vLex Libros (Servicios en ln̕ea)
|
| 856 |
4 |
0 |
|u http://vlex.com/source/2719
|z Acceso restringido
|
| 942 |
|
|
|c BOOK
|
| 999 |
0 |
|
|a Law
|b Madrid
|